Ilhamat-e-Ghaus-e-Azam (Record no. 480950)

000 -LEADER
fixed length control field 00565nam a22002057a 4500
003 - CONTROL NUMBER IDENTIFIER
control field NUST
005 - DATE AND TIME OF LATEST TRANSACTION
control field 20180829051728.0
008 - FIXED-LENGTH DATA ELEMENTS--GENERAL INFORMATION
fixed length control field 180829b ||||| |||| 00| 0 eng d
020 ## - INTERNATIONAL STANDARD BOOK NUMBER
International Standard Book Number 9698510222
022 ## - INTERNATIONAL STANDARD SERIAL NUMBER
International Standard Serial Number 9698510222
038 ## - RECORD CONTENT LICENSOR
Staff Name 0
050 ## - LIBRARY OF CONGRESS CALL NUMBER
Classification number 297.48
082 ## - DEWEY DECIMAL CLASSIFICATION NUMBER
Classification number 297.48
100 ## - MAIN ENTRY--PERSONAL NAME
Personal name Qadiri,Muhammad Riaz.
9 (RLIN) 12318
245 ## - TITLE STATEMENT
Title Ilhamat-e-Ghaus-e-Azam
Remainder of title Hazrat Shaikh Syed Abdul Qadir Jilani (R.A.)
Statement of responsibility, etc. Muhammad Riaz Qadiri.
260 ## - PUBLICATION, DISTRIBUTION, ETC.
Place of publication, distribution, etc. Pakistan.
Name of publisher, distributor, etc. Abbasi Publications.
Date of publication, distribution, etc. 2002.
300 ## - PHYSICAL DESCRIPTION
Extent 128p.
500 ## - GENERAL NOTE
General note Paper Cover.
942 ## - ADDED ENTRY ELEMENTS (KOHA)
Source of classification or shelving scheme
Koha item type Book
Call number prefix 297.48
Holdings
Withdrawn status Lost status Source of classification or shelving scheme Damaged status Not for loan Collection code Permanent Location Current Location Shelving location Date acquired Total Checkouts Full call number Barcode Date last seen Price effective from Koha item type
            Central Library (CL) Central Library (CL) General Stacks 08/29/2018   297.48 QAD NBSD-3078 07/19/2023 08/29/2018 Book
© 2023 Central Library, National University of Sciences and Technology. All Rights Reserved.